| 000 | 01194nam a2200289 i 4500 | ||
|---|---|---|---|
| 001 | 128931 | ||
| 003 | ES-MaACL | ||
| 005 | 20240320062612.0 | ||
| 007 | t| | ||
| 008 | 070531s1967 sp ||||1| spa d | ||
| 080 | _a86-2"19"(082.2) | ||
| 245 | 0 | 0 |
_aTeatro inquieto español / _cselección de Arturo del Hoyo ; prólogo y notas de Antonio Espina. |
| 260 |
_a[Madrid] : _bAguilar, _c[1967] |
||
| 300 |
_a398 p. ; _c20 cm. |
||
| 505 | 0 | _aSombras de sueño / Miguel de Unamuno . Angelita / Azorín . El señor de Pigmalión / Jacinto Grau . Los medios seres / Ramón Gómez de la Serna . Así que pasen cinco años / Federico García Lorca . Espejo de avaricia / Max Aub | |
| 650 | 4 |
_aTeatro español- _yS.XX. _917356 |
|
| 700 | 1 |
_aUnamuno, Miguel de, _d1864-1936 _9111982 |
|
| 700 | 0 |
_aAzorín, _d1873-1967 _924326 |
|
| 700 | 1 |
_aGrau, Jacinto, _d1877-1958 _959732 |
|
| 700 | 1 |
_aGómez de la Serna, Ramón, _d1888-1963 _957901 |
|
| 700 | 1 |
_aGarcía Lorca, Federico, _d1898-1936 _954853 |
|
| 700 | 1 |
_aAub, Max, _d1903-1972 _923783 |
|
| 700 | 1 |
_aHoyo, Arturo del, _d1917-2004 _964424 |
|
| 700 | 1 |
_aEspina, Antonio, _d1894-1972 _947833 |
|
| 852 |
_aES-MaACL _jC-32485 |
||
| 999 |
_c128931 _d128931 |
||